|
|
|
|
| LEADER |
01082nam a22002537a 4500 |
| 001 |
38823 |
| 003 |
BD-DhAAL |
| 008 |
220808t2015 bg ||||| |||| 00| 1 ben d |
| 999 |
|
|
|c 44808
|d 44808
|
| 020 |
|
|
|a 9789849127215
|
| 040 |
|
|
|a BD-DhAAL
|c BD-DhAAL
|
| 041 |
|
|
|a ben
|
| 082 |
|
|
|a 184
|2 22
|
| 100 |
|
|
|a প্লেটো
|9 42400
|
| 245 |
|
|
|a সক্রেটিসের জবানবন্দি /
|c প্লেটো ; অনুবাদ আমিনুল ইসলাম ভুইয়া
|
| 260 |
|
|
|a ঢাকা :
|b পাঠক সমাবেশ,
|c ২০১৫.
|
| 300 |
|
|
|a ১১৭ পৃষ্ঠা ;
|c ২২ সে.মি.
|
| 541 |
|
|
|a Donated By Akbar Ali Khan
|e 38823
|
| 650 |
|
|
|a Socrates.
|9 42398
|
| 650 |
|
|
|a Philosophy.
|9 42399
|
| 700 |
|
|
|a ভুইয়া, আমিনুল ইসলাম
|9 50711
|
| 852 |
|
|
|a Ayesha Abed Library
|c Akbar Ali Khan Collection
|
| 942 |
|
|
|2 ddc
|c BK
|
| 952 |
|
|
|0 0
|1 0
|2 ddc
|4 0
|6 184_000000000000000_PLA
|7 1
|9 71636
|a BRACUL
|b BRACUL
|c AAKC
|d 2022-08-08
|e Donated by Akbar Ali Khan
|l 0
|o 184 PLA
|p 3010038823
|r 2022-08-08
|t 1
|w 2022-08-08
|y BK
|